Paesi con più siti UNESCO condivisi - Statistics

Statistiche generali
  • Questo quiz è stato fatto 27 volte
  • Il punteggio medio è 16 su 20
Statistiche sulle risposte
N° di siti in condivisione N° totale di siti Continente Paese % Corretto
7 54 Europa Francia
100%
7 61 Europa Italia
100%
4 33 Europa/Asia Russia
100%
11 55 Europa Germania
96%
3 35 Europa Regno Unito
96%
4 50 Europa Spagna
96%
5 12 Europa Austria
92%
5 13 Europa Svizzera
92%
6 16 Europa Belgio
88%
3 13 Europa Paesi Bassi
88%
3 26 Americhe Stati Uniti
88%
4 17 Europa Polonia
83%
3 5 Europa Slovenia
75%
3 10 Europa Croazia
71%
3 8 Europa Slovacchia
67%
3 12 Americhe Argentina
63%
3 8 Europa Ucraina
63%
3 17 Europa Cechia
54%
3 6 Asia Kazakistan
33%
3 7 Asia Uzbekistan
25%
Nessun quiz corrispondente trovato
Distribuzione punteggi
Percentuale di utenti per punteggio
Percentile per numero di risposta
I tuoi punteggi nel tempo
Non hai fatto questo quiz